000 00726nam a2200157 a 4500
008 100604s2009 ||||||||||||||||| || u
050 _aUNESA(058)WPM
110 _aUnited Nations Economic and Social Affairs (UNESA)
245 1 0 _aWorld population monitoring: focussing on population distribution, urbanization, internal migration and development: the concise report
260 _aNew York
_bUNITED NATIONS
_c2009
300 _avi, 55p. ;ill.
350 _a0.00
650 _aLABOUR MIGRATION
650 _aPOPULATION AND DEVELOPMENT--STATISTICS
995 _D0.00
_FCBU-MAIN LIBRARY (Kitwe)
_H1
_I0.00
_M1
_UAVAILABLE
_WAug 9, 2010
_ZInternational Publications
999 _c62157
_d62157